| 000 | 00545nam a2200169 a 4500 | ||
|---|---|---|---|
| 005 | 20140311163012.0 | ||
| 008 | 060816s19uu xx 00 eng d | ||
| 020 | _a0333993233 | ||
| 050 |
_aHF 5549.5 _b.In61 2005 |
||
| 245 |
_aInternational Human Resource Management theory and practice / _cedited by :Ozbilgin, Mustafa |
||
| 260 |
_aNew York : _bPalgrave Macmillan, _c2005. |
||
| 300 |
_a198 p. : _c24 cm. |
||
| 521 | _aBSBA | ||
| 650 |
_aInternational business interprises _xPersonnel management. |
||
| 942 |
_cBK _2lcc _kFOR |
||
| 999 |
_c39383 _d39383 |
||